Procedimiento para el uso del método de la ruta crítica (CPM)

Gespeichert in:
Bibliographische Detailangaben
1. Verfasser: Consultora Dinámica Industrial S.A
Format: Buch
Veröffentlicht: San José, Costa Rica 1973
Schlagworte:
Tags: Tag hinzufügen
Keine Tags, Fügen Sie den ersten Tag hinzu!

MARC

LEADER 00000nam a2200000Ia 4500
003 L000805
005 20221231144012.0
008 140114s1973 c a 000 ||s d
040 |c cru CEDI 
082 |a 658.98 C755p  |b L000805 
100 |a Consultora Dinámica Industrial S.A  |9 18477 
245 |a Procedimiento para el uso del método de la ruta crítica (CPM) 
260 |a San José, Costa Rica  |c 1973 
300 |a 165 hojas 
650 |x INDUSTRIA DE LA CONSTRUCCION  |9 18478 
942 |2 ddc  |c BK 
999 |c 15461  |d 15461